000 00304nam a22001337a 4500
008 171018b xxu||||| |||| 00| 0 eng d
020 _a9780030986512
041 _aeng
080 _a338
100 _a53
101 _aMEN
245 _aFINANCIAL INSTITUTIONS MANAGEMENTS
_cMAYO.H.B
942 _2udc
_cBK
999 _c34559
_d34559